Any old time book; vol. 10. (Record no. 15766)

000 -LEADER
fixed length control field 00583nam a2200193 a 4500
001 - CONTROL NUMBER
control field :::00015961$&:&@@
003 - CONTROL NUMBER IDENTIFIER
control field OkBaRHE
005 - DATE AND TIME OF LATEST TRANSACTION
control field 20000915153122.0
008 - FIXED-LENGTH DATA ELEMENTS--GENERAL INFORMATION
fixed length control field s1986 j 000 0 eng u
040 ## - CATALOGING SOURCE
Transcribing agency
100 1# - MAIN ENTRY--PERSONAL NAME
Personal name Veerman, David R.
245 10 - TITLE STATEMENT
Title Any old time book; vol. 10.
260 ## - PUBLICATION, DISTRIBUTION, ETC. (IMPRINT)
Place of publication, distribution, etc Wheaton, IL., :
Name of publisher, distributor, etc Victor Books
Date of publication, distribution, etc 1986
300 ## - PHYSICAL DESCRIPTION
Extent v. (1-10) ;
Dimensions 28 cm.
650 ## - SUBJECT ADDED ENTRY--TOPICAL TERM
Topical term or geographic name as entry element Christian Education of Youth
650 ## - SUBJECT ADDED ENTRY--TOPICAL TERM
Topical term or geographic name as entry element Church Work with Youth
942 ## - ADDED ENTRY ELEMENTS (KOHA)
Source of classification or shelving scheme
Koha item type Books
Copies
Price effective from Source of classification or shelving scheme Not for loan Date last seen Permanent Location Barcode Date acquired Copy number Koha item type Lost status Full call number Withdrawn status Shelving location Damaged status
2010-04-14  2010-04-14RHEMA Bible Training College159612010-04-141Books BV 4447 .V3 General Stacks